Antiguos manuscritos de historia, ciencia y arte militar, medicina y literarios existentes en la Biblioteca del Monasterio de San Lorenzo de El Escorial / (Record no. 157832)
[ view plain ]
| 000 -LEADER | |
|---|---|
| campo de control de longitud fija | 01012nam a22002295i 4500 |
| 001 - NÚMERO DE CONTROL | |
| campo de control | 157832 |
| 003 - IDENTIFICADOR DE NÚMERO DE CONTROL | |
| campo de control | ES-MaACL |
| 005 - FECHA Y HORA DE LA ÚLTIMA TRANSACCIÓN | |
| campo de control | 20251005063123.0 |
| 008 - DATOS DE LONGITUD FIJA--INFORMACIÓN GENERAL | |
| campo de control de longitud fija | 940202s1878 sp |||| | spa d |
| 040 ## - FUENTE DE CATALOGACIÓN | |
| Centro catalogador/agencia de origen | CAM |
| Lengua de catalogación | spa |
| 080 ## - NÚMERO DE LA CLASIFICACIÓN DECIMAL UNIVERSAL | |
| Número de la Clasificación Decimal Universal | 091 (46.41. Escorial) |
| 100 1# - ENTRADA PRINCIPAL--NOMBRE DE PERSONA | |
| Nombre de persona | Llacayo y Santa María, Augusto, |
| Fechas asociadas al nombre | 1839-1886 |
| 9 (RLIN) | 128990 |
| 245 10 - MENCIÓN DEL TÍTULO | |
| Título | Antiguos manuscritos de historia, ciencia y arte militar, medicina y literarios existentes en la Biblioteca del Monasterio de San Lorenzo de El Escorial / |
| Mención de responsabilidad, etc. | por Augusto Llacayo y Santa María. |
| 260 ## - PUBLICACIÓN, DISTRIBUCIÓN, ETC. | |
| Lugar de publicación, distribución, etc. | Sevilla : |
| Nombre del editor, distribuidor, etc. | Sociedad de Bibliófilos Andaluces, |
| Fecha de publicación, distribución, etc. | 1878 ( |
| Fabricante | Establecimiento tipográfico de Francisco Alvarez y Cº) |
| 300 ## - DESCRIPCIÓN FÍSICA | |
| Extensión | 342 p. ; |
| Dimensiones | 20 cm. |
| 490 1# - MENCIÓN DE SERIE | |
| Mención de serie | Estudios científicos y militares |
| 650 24 - PUNTO DE ACCESO ADICIONAL DE MATERIA--TÉRMINO DE MATERIA | |
| Término de materia o nombre geográfico como elemento de entrada | Monasterio de El Escorial. Biblioteca- |
| Subdivisión de forma | Catálogos. |
| 9 (RLIN) | 222858 |
| 650 #4 - PUNTO DE ACCESO ADICIONAL DE MATERIA--TÉRMINO DE MATERIA | |
| Término de materia o nombre geográfico como elemento de entrada | Manuscritos- |
| Subdivisión de forma | Catálogos. |
| 9 (RLIN) | 136460 |
| 830 1# - PUNTO DE ACCESO ADICIONAL DE SERIE-TÍTULO UNIFORME | |
| Título uniforme | Estudios científicos y militares |
| 9 (RLIN) | 221817 |
| 852 ## - LOCALIZACIÓN | |
| Ubicación | ES-MaACL |
| Número de control de estantería | G-13681 |
| Nota libre | -- Enc. hol. |
| Estatus retirado | Estado de pérdida | Fuente del sistema de clasificación o colocación | Estado de daño | No para préstamo | Colección | Biblioteca de origen | Biblioteca actual | Ubicación en estantería | Fecha de adquisición | Total de préstamos | Signatura topográfica completa | Código de barras | Visto por última vez | Precio de reemplazo | Tipo de ítem Koha |
|---|---|---|---|---|---|---|---|---|---|---|---|---|---|---|---|
| Clasificación decimal universal | Biblioteca profesional | Biblioteca del Ateneo de Madrid | Biblioteca del Ateneo de Madrid | Sala Pecera Planta 3 | 17/01/2008 | G-13681 | 1165174 | 23/02/2023 | 23/02/2023 | Libro impreso antiguo |
